| 000 | 00744nam a2200253Ia 4500 | ||
|---|---|---|---|
| 003 | OSt | ||
| 005 | 20221005090956.0 | ||
| 006 | a|||||r|||| 00| 0 | ||
| 007 | ta | ||
| 008 | 221004b |||||||| |||| 00| 0 eng d | ||
| 024 | _a69781 | ||
| 037 | _cTextual | ||
| 040 |
_aCRL _cCRL _beng |
||
| 041 |
_2eng _aeng |
||
| 082 | _aY:45:6.73, N0 | ||
| 100 |
_aMorris Norval _9615768 |
||
| 245 | 0 |
_aBetween prison and probation _b Intermediate punishments in a rational sentencing system |
|
| 260 |
_aNew York _bOxford University Press _c1990 |
||
| 300 |
_a283p. _ccm. |
||
| 650 | _aSOCIOLOGY | ||
| 700 |
_a Tonry Michael _9615769 |
||
| 942 |
_hY:45:6.73, N0 _cTEXL _2cc |
||
| 999 |
_c996637 _d996637 |
||